| 000 | 01047nam a2200373 a 4500 | ||
|---|---|---|---|
| 003 | AR-BaBNM | ||
| 005 | 20251128205959.0 | ||
| 008 | 082120s2002 ||||||||||||||000 | spa|| | ||
| 020 | _a987-95790-2-X | ||
| 040 | _cAR-BaBNM | ||
| 245 | 0 | 0 | _aMemorias de las jornadas ranquelinas |
| 260 |
_aSanta Rosa _bGobierno de La Pampa _c1998 |
||
| 300 |
_a248 p. _bil., gráfs. |
||
| 650 | 4 | _aLITERATURA ARGENTINA | |
| 650 | 4 | _aHISTORIA ARGENTINA | |
| 650 | 4 | _aABORIGENES ARGENTINOS | |
| 650 | 4 | _aFOLKLORE | |
| 650 | 4 | _aANTROPOLOGIA CULTURAL Y SOCIAL | |
| 650 | 4 | _aIDENTIDAD CULTURAL | |
| 650 | 4 | _aCULTURAS LATINOAMERICANAS | |
| 650 | 4 | _aCULTURAS TRADICIONALES | |
| 650 | 4 | _aCOSTUMBRES Y TRADICIONES | |
| 650 | 4 | _aLITERATURA FOLKLORICA | |
| 650 | 4 | _aTRADICION ORAL | |
| 650 | 4 | _aLEYENDAS | |
| 650 | 4 | _aGEOGRAFIA HUMANA | |
| 650 | 4 | _aARQUEOLOGIA | |
| 650 | 4 | _aETNOLOGIA | |
| 653 | _aCRONICAS | ||
| 700 | 1 |
_aPoduje, María Inés _ecoordinador |
|
| 700 | 1 |
_aDepetris, José Carlos _eprologuista |
|
| 942 | _cBK | ||
| 998 | _cMARTIN | ||
| 999 |
_c13585 _d13585 |
||